| 000 | 01237cam a22002658i 4500 | ||
|---|---|---|---|
| 999 |
_c3537 _d3537 |
||
| 001 | 20727992 | ||
| 003 | OSt | ||
| 005 | 20240220094651.0 | ||
| 008 | 181101s2018 nyu j 000 1 eng | ||
| 010 | _a 2018047691 | ||
| 020 | _a9781510744868 | ||
| 040 |
_aDLC _beng _erda _cDLC _dKH8 |
||
| 042 | _apcc | ||
| 082 | 0 | 0 |
_aFIC MOO _223 |
| 100 | 1 |
_aMoore, Ken A., _eauthor. |
|
| 245 | 1 | 0 |
_aCall of the last survivor : _ban unofficial Fortnite novel / _cKen A. Moore. |
| 264 | 1 |
_aNew York, NY : _bSky Pony Press, _c[2018] |
|
| 300 |
_a236 pages: _c20 cm. |
||
| 336 |
_atext _btxt _2rdacontent |
||
| 337 |
_aunmediated _bn _2rdamedia |
||
| 338 |
_avolume _bnc _2rdacarrier |
||
| 520 |
_a"Mikaleh can hardly believe her eyes when she returns to base camp one morning--after a long evening of satisfying zombie-killing--to find that the Husks appear to have. . . reached out to them! A mysterious message, seeming to be from the very monsters themselves, urges Squad #43 to attend a secret rendezvous in Canny Valley where more will be revealed"-- _cProvided by publisher. |
||
| 776 | 0 | 8 |
_iOnline version: _aMoore, Ken A., author. _tCall of the last survivor _dNew York, NY : Sky Pony Press, [2018] _z9781510744875 _w(DLC) 2018052737 |
| 942 |
_2ddc _cFIC |
||